01884njm a2200361Ia 450000100060000000300090000600500170001500800410003204000130007304000130008610000110009910000180011010000380012824500320016625000110019826000110020926000340022030000100025450000550026450502130031951100770053251100670060951100610067651100550073751100580079251100550085065000470090570001340095270001290108670001020121570000950131770001100141248610IT-RoPAU20220918181121.0131025s9999 xx 000 0 und d aIT-RoPAU cIT-RoPAU aAA.VV. eAutore musica gCodice autore musica SPICS: 12000 aSi alza il sipario, vol. 01 a1a ed. aITALIA bSELEZIONEc1972 [1a Ed.:1972] aDISCO aMusica classica. Musica operistica. Musica lirica. aIl barbiere di Siviglia: sinfonia - Il pipistrello: ouverture - La scala di seta: sinfonia - Don Giovanni: ouverture - La gazza ladra: sinfonia - Fidelio: ouverture - I Maestri cantori di Norimberga: preludio aOrchestra del Teatro Metropolitan di New York diretta da Leinsdorf Erich aOrchestra dell'Opera di Stato di Vienna diretta da Danon Oscar aPhilharmonic Opera Orchestra diretta da Gerhardt Charles aChicago Symphony Orchestra diretta da Reiner Fritz aBeecham Promenade Orchestra diretta da Winter Gilbert aBoston Symphony Orchestra diretta da Munch Charles aOPERA [DISCHI]eCodice MATERIA SPICS: 9950 aRossini GioachinodCodice autore musica SPICS: 11125eAutore musicapIl barbiere di Siviglia: sinfonia - La gazza ladra: sinfonia aStrauss Johann Jr.dCodice autore musica SPICS: 11164eAutore musicapIl pipistrello: ouverture - La scala di seta: sinfonia aMozart Wolfgang AmadeusdCodice autore musica SPICS: 3486eAutore musicapDon Giovanni: ouverture aBeethoven Ludwig VandCodice autore musica SPICS: 10721eAutore musicapFidelio: ouverture aWagner RicharddCodice autore musica SPICS: 563eAutore musicapI Maestri cantori di Norimberga: preludio